[Event "Stay Safe Play From Home 293"]
[Site "Emanuel Lasker Arena"]
[Date "2020.07.10"]
[Round "8"]
[White "Lamborghini"]
[Black "Edmatuag"]
[Result "1-0"]
[WhiteElo "2180"]
[BlackElo "1661"]
[Annotator "TA"]
[PlyCount "73"]
[EventDate "2020.07.10"]
[EventType "swiss (blitz)"]

{[%evp 9,72,30,23,10,12,0,39,-6,364,75,95,83,133,114,165,165,202,201,173,204,647,612,625,625,568,218,875,863,964,842,651,21,1389,1384,1370,1343,1630,1633,2447,1873,29987,29988,29988,29989,29989,29990,29990,29991,29995,29996,29997,29989,29998,29989,29996,29992,29998,29993,29998,29996,29998,29998,29998,29998,29999]} 1. e4 d6 2. d4 e5 3. Nc3 exd4 4. Qxd4 Nc6 5. Bb5 Nf6 6. Bxc6+ {B07: Pirc Defence: Miscellaneous Systems.} bxc6 {[#]} 7. Bg5 $146 ({Predecessor:} 7. Nf3 Be7 8. Be3 O-O 9. h3 d5 10. e5 c5 11. Qd3 d4 12. exf6 Bxf6 13. O-O-O dxc3 14. Qxd8 cxb2+ {½-½ (38) Horvath,I (2320)-Mincsovics,M (2203) Hungary 2005}) 7... Be6 8. e5 {White is slightly better.} h6 $2 {[%mdl 8192]} (8... dxe5 $11 {and Black has nothing to worry.} 9. Qxe5 Rb8) 9. Bxf6 $2 (9. exf6 $18 {and the rest is easy.} Rg8 10. Bh4) 9... gxf6 $16 10. exf6 h5 11. Nf3 Bh6 (11... Rh6 $16 {was called for.}) 12. O-O $18 c5 13. Qe4 Rb8 14. Nd5 O-O $2 (14... Kf8 15. b3 Bxd5 16. Qxd5 Qxf6) 15. Ne7+ Kh8 {[#] Now ...Rb4 and Black clings on.} 16. Qh4 $1 Bg4 {If only Black now had time for ...Rg8....} 17. Rfe1 $2 $40 {[%mdl 128] Black is in trouble.} (17. Ng5 Rxb2 18. h3) 17... Bxf3 $2 ({Much weaker is} 17... Rxb2 18. Ng5 $18) (17... Rg8) 18. gxf3 Rg8+ 19. Kh1 Rg5 20. f4 $2 (20. Rg1 $18 Re5 21. Nc6) 20... Rg6 $2 {[%mdl 8192]} (20... Rb4 $11 21. f3 Qa8) 21. Qxh5 Rxf6 22. Nd5 Rg6 23. Rg1 Qg8 24. f5 Rxg1+ 25. Rxg1 {White mates.} Qh7 26. Nf6 Qg7 27. Rxg7 Kxg7 28. Ng4 Rh8 29. f6+ Kf8 30. Nxh6 {[%csl Gh6][%cal Rh5f7]} Rh7 31. Kg2 c6 32. Kf3 d5 33. Kf4 a5 34. Ke5 d4 {[#]} 35. Kd6 $1 c4 36. Qg5 {[%csl Gh6][%cal Rg5g8]} d3 37. Qg8# {Accuracy: White = 59%, Black = 19%.} 1-0

[Event "Stay Safe Play From Home 293"]
[Site "Emanuel Lasker Arena"]
[Date "2020.07.10"]
[Round "8"]
[White "Lazieri3"]
[Black "Mepe_Nika"]
[Result "0-1"]
[WhiteElo "2074"]
[BlackElo "2347"]
[Annotator "TA"]
[PlyCount "56"]
[EventDate "2020.07.10"]
[EventType "swiss (blitz)"]

{[%evp 9,56,-165,-99,-115,-78,-161,-164,-193,-138,-341,-335,-352,-358,-361,-364,-360,-355,-371,-327,-337,-365,-687,-698,-840,-839,-1204,-1200,-1200,-1189,-1280,-1270,-1218,-1047,-1029,-1004,-1055,-1052,-1341,-1337,-1326,-1322,-1313,-1173,-2092,-1735,-5477,-5352,-29995,-29996]} 1. g3 h5 2. Bg2 h4 3. f4 ({Predecessor:} 3. e4 d6 4. d4 h3 5. Bf1 Nf6 6. Nc3 g6 7. f3 Bg7 8. Be3 c6 9. Qd2 {0-1 (51) Khusnutdinov,R (2453)-Andriasian,Z (2533) ICC INT 2008}) 3... hxg3 4. h3 Nc6 5. Nf3 d6 (5... e6 $19 6. d4 d5) 6. Nc3 $17 {A00: Irregular Openings.} e5 7. e3 (7. d4 $17 {is a better defense.}) 7... exf4 $19 8. exf4 {Black is clearly better.} Nf6 ({Black should try} 8... Nge7 $19 9. Qe2 Be6) 9. O-O $2 {[#]} (9. d3 $17) 9... Bxh3 10. Bxh3 Rxh3 11. Kg2 Qd7 12. Rh1 Rxh1 13. Qxh1 O-O-O 14. d3 Nb4 15. Be3 $2 (15. Qh3) 15... Nxc2 {[%mdl 64] [#] Double Attack} 16. Bxa7 Nxa1 17. Kxg3 Qg4+ 18. Kf2 Nc2 19. Qd1 Nb4 20. a3 Na6 21. Bd4 Qxf4 22. Bxf6 Qxf6 23. Ke2 Re8+ 24. Kd2 Nc5 25. Kc2 g6 26. b4 Ne6 27. Qh1 Bg7 28. Kb3 Qxc3+ {[%mdl 64] Decoy. White did not feel at home in the position after the opening. Accuracy: White = 44%, Black = 75%.} 0-1

[Event "Stay Safe Play From Home 293"]
[Site "Emanuel Lasker Arena"]
[Date "2020.07.10"]
[Round "9"]
[White "Mepe_Nika"]
[Black "Klasman"]
[Result "1-0"]
[WhiteElo "2353"]
[BlackElo "1373"]
[Annotator "TA"]
[PlyCount "45"]
[EventDate "2020.07.10"]
[EventType "swiss (blitz)"]

{[%evp 9,44,74,68,62,65,68,85,77,93,66,71,75,172,194,404,410,396,405,407,402,426,398,29984,29985,29985,29986,29986,29987,29987,29988,29988,29989,29992,29993,29995,29996,29999]} 1. d4 f5 2. Nc3 Nf6 3. Bg5 e6 4. e4 h6 5. Bxf6 Qxf6 6. exf5 {A80: Dutch Defence: Unusual White second moves.} exf5 7. Nf3 {Nd5 is the strong threat.} Bb4 8. Bc4 {White is better.} c6 {[#]} 9. O-O $146 ({Predecessor:} 9. Ne5 d5 10. Qh5+ g6 11. Nxg6 Rg8 12. Nf4+ Qf7 13. Bd3 Qxh5 14. Nxh5 Rxg2 15. Ng3 {1-0 (54) Hardarson,J (2058)-Gunnarsson,H (1737) Reykjavik 2016}) 9... d5 {aiming for ...Bxc3.} 10. Re1+ Kf7 {[#]} (10... Kd8 $16 {was necessary.}) 11. Bxd5+ $1 $18 {[%mdl 512]} cxd5 $2 (11... Kg6) 12. Nxd5 Qd6 13. Ne5+ Kg8 14. Nxb4 Qxb4 15. Qh5 Nc6 $2 (15... Qb6 $18 16. Nf7 Be6) 16. Qf7+ {White mates.} Kh7 17. Qg6+ {[%mdl 64] Double Attack} Kg8 18. Nxc6 bxc6 19. Re8+ Qf8 20. Rae1 Bb7 21. Rxf8+ Rxf8 {[#]} 22. Re7 $1 {[%csl Gg6][%cal Re7g7][%mdl 64] Double Attack} Ba6 23. Qxg7# {Black got outplayed after the opening. Accuracy: White = 100%, Black = 46%.} 1-0

[Event "Stay Safe Play From Home 293"]
[Site "Emanuel Lasker Arena"]
[Date "2020.07.10"]
[Round "9"]
[White "Lamborghini"]
[Black "Lazieri3"]
[Result "1-0"]
[WhiteElo "2181"]
[BlackElo "2068"]
[Annotator "TA"]
[PlyCount "109"]
[EventDate "2020.07.10"]
[EventType "swiss (blitz)"]

{[%evp 17,109,12,24,26,52,24,30,27,29,12,31,25,41,30,45,27,30,27,29,8,74,80,89,44,45,36,45,44,56,54,61,34,43,22,37,35,60,54,68,62,89,84,123,116,121,8,89,89,87,89,113,102,481,455,392,192,702,686,742,637,597,529,906,773,1079,8,8,8,8,0,764,0,8,8,8,8,11,10,29978,29978,29983,29984,29986,29987,29990,29991,29993,29994,29994,29995,29996,29996,29997,29997]} 1. e4 c6 2. d4 d5 3. Nc3 dxe4 4. Nxe4 Nf6 5. Nxf6+ exf6 6. Bc4 Bd6 7. Qe2+ Qe7 8. Qxe7+ Kxe7 9. Ne2 Be6 10. Bd3 {B15: Caro-Kann: 3 Nc3: 3...g6 and 3...dxe4 4 Nxe4 Nf6 5 Nxf6+ exf6.} Nd7 11. Bf4 (11. O-O {feels hotter.} f5 12. g3 Rhe8 13. Nf4 Kf6 14. c3) 11... Rhe8 12. Bxd6+ {White has an edge.} Kxd6 13. Kd2 {[#]} Kc7 $146 ({Predecessor:} 13... Rad8 14. Rhe1 c5 15. b3 cxd4 16. Nxd4 Ne5 17. Re3 Kc5 18. c3 Nxd3 19. Rxd3 Bc8 {½-½ (63) Maas,O-Wittal,W DESC email 2005}) 14. c4 Re7 15. b3 Rae8 16. Nc3 g6 17. f3 Nb6 18. a4 Bc8 (18... a5 $11) 19. a5 $16 Nd7 20. Rhe1 (20. b4 {with more complications.} f5 21. b5 a6 22. bxa6 bxa6 23. Rhb1) 20... Rxe1 21. Rxe1 Rxe1 22. Kxe1 $14 {[%mdl 4096] Endgame KBN-KBN} f5 23. Kd2 Nf6 24. f4 Kd6 25. h3 Be6 26. Be2 Bd7 27. Bf3 Be6 28. Kd3 Bd7 29. c5+ Kc7 30. d5 cxd5 31. Bxd5 (31. Nxd5+ $16 Nxd5 32. Bxd5) 31... Nxd5 (31... Bc6 $11 32. Kd4 (32. Bxf7 Bxg2 33. h4 b6 $11) 32... Nh5) 32. Nxd5+ $16 {KB-KN} Kc6 33. Nf6 $1 Be6 34. b4 b6 $2 {[%mdl 8192]} (34... h6 $16 {is a better chance.}) 35. cxb6 $18 axb6 36. axb6 (36. a6 h6 $16) (36. Nxh7 $142 Bd5 37. g3) 36... Kxb6 $2 (36... h5 37. Kd4 Kxb6) 37. Nxh7 Kb5 38. Kc3 Bd5 39. Ng5 Bxg2 {[#]} 40. h4 $1 ({Not} 40. Nxf7 Bxh3 41. Ne5 Bg4 $16) 40... Bd5 41. Nh7 $2 (41. Kd4 $18 Bb3 42. Ke5) 41... Be6 $11 42. Nf8 Bd5 43. Kd4 Ba2 $2 {[%mdl 8192] [#]} (43... Bc4 $11) 44. Kc3 $2 (44. Ke5 $1 $18 Kc6 45. Kf6) 44... Bd5 45. Nd7 Be6 46. Ne5 Ba2 47. Nf3 Be6 $2 {[%mdl 8192]} (47... Kb6 $11) 48. Nd4+ {White mates.} Ka4 49. Nxe6 fxe6 {K3P-K3P} 50. Kc4 e5 51. fxe5 f4 52. e6 f3 53. e7 f2 54. e8=Q+ {[%mdl 64] Double Attack} Ka3 55. Qe3+ {Accuracy: White = 70%, Black = 51%.} 1-0

[Event "Stay Safe Play From Home 293"]
[Site "Emanuel Lasker Arena"]
[Date "2020.07.10"]
[Round "9"]
[White "Don59as"]
[Black "SoulofWolf"]
[Result "1-0"]
[WhiteElo "2144"]
[BlackElo "2261"]
[Annotator "NA"]
[PlyCount "77"]
[EventDate "2020.07.10"]
[EventType "swiss (blitz)"]

1. c4 {[%emt 0:00:01]} e6 {[%emt 0:00:00]} 2. Nc3 {[%emt 0:00:01]} c5 {[%emt 0:00:00]} 3. e4 {[%emt 0:00:01]} Nf6 {[%emt 0:00:00]} 4. g3 {[%emt 0:00:00]} Nc6 {[%emt 0:00:01]} 5. Bg2 {[%emt 0:00:01]} g6 {[%emt 0:00:01]} 6. Nge2 {[%emt 0:00:01]} Bg7 {[%emt 0:00:01]} 7. O-O {[%emt 0:00:00]} O-O {[%emt 0:00:01]} 8. d4 {[%emt 0:00:01]} cxd4 {[%emt 0:00:00]} 9. Nxd4 {[%emt 0:00:00]} Nxd4 {[%emt 0:00:00]} 10. Qxd4 {[%emt 0:00:01]} a6 {[%emt 0:00:00]} 11. Qd3 {[%emt 0:00:01]} Qe7 {[%emt 0:00:00]} 12. b3 {[%emt 0:00:00]} Rb8 {[%emt 0:00:01]} 13. a4 {[%emt 0:00:01]} b6 {[%emt 0:00:01]} 14. Ba3 {[%emt 0:00:01]} Qe8 {[%emt 0:00:03]} 15. Bxf8 {[%emt 0:00:01]} Qxf8 {[%emt 0:00:00]} 16. e5 {[%emt 0:00:02]} Ng4 {[%emt 0:00:03]} 17. f4 {[%emt 0:00:01]} Nh6 {[%emt 0:00:01]} 18. h3 {[%emt 0:00:01]} Bb7 {[%emt 0:00:01]} 19. Bxb7 {[%emt 0:00:02]} Rxb7 {[%emt 0:00:00]} 20. Ne4 {[%emt 0:00:00]} Rc7 {[%emt 0:00:01]} 21. Nd6 {[%emt 0:00:02]} Qa8 {[%emt 0:00:01]} 22. Qf3 {[%emt 0:00:01]} Qa7 {[%emt 0:00:02]} 23. Rad1 {[%emt 0:00:02]} Bf8 {[%emt 0:00:01]} 24. Rd3 {[%emt 0:00:02]} Kg7 {[%emt 0:00:03]} 25. g4 {[%emt 0:00:01]} Ng8 {[%emt 0:00:01]} 26. Rc1 {[%emt 0:00:01]} Ne7 {[%emt 0:00:00]} 27. Ne4 {[%emt 0:00:01]} Nc6 {[%emt 0:00:01]} 28. Rcd1 {[%emt 0:00:01]} Nb4 {[%emt 0:00:00]} 29. R3d2 {[%emt 0:00:01]} Be7 {[%emt 0:00:00]} 30. Nf6 {[%emt 0:00:01]} Bxf6 {[%emt 0:00:01]} 31. exf6+ {[%emt 0:00:00]} Kxf6 {[%emt 0:00:00]} 32. Qc3+ {[%emt 0:00:01]} Ke7 {[%emt 0:00:01]} 33. Qxb4+ {[%emt 0:00:01]} Ke8 {[%emt 0:00:00]} 34. Qd6 {[%emt 0:00:01]} Qb7 {[%emt 0:00:01]} 35. f5 {[%emt 0:00:01]} gxf5 {[%emt 0:00:01]} 36. gxf5 {[%emt 0:00:01]} Rc6 {[%emt 0:00:00]} 37. Qe5 {[%emt 0:00:01]} Qc7 {[%emt 0:00:05]} 38. Qh8+ {[%emt 0:00:04]} Ke7 {[%emt 0:00:00]} 39. f6# {[%emt 0:00:02] (Lag: Av=0.56s, max=6.7s)} 1-0

[Event "Stay Safe Play From Home 293"]
[Site "Emanuel Lasker Arena"]
[Date "2020.07.10"]
[Round "9"]
[White "Edmatuag"]
[Black "AChessPlayer"]
[Result "0-1"]
[WhiteElo "1659"]
[BlackElo "2424"]
[Annotator "TA"]
[PlyCount "90"]
[EventDate "2020.07.10"]
[EventType "swiss (blitz)"]

{[%evp 17,90,0,0,-38,-36,-54,-62,-56,-40,-39,-41,-64,-56,-97,-41,-47,-39,-41,-16,-62,-21,-50,-18,-16,-12,-13,156,149,137,152,146,82,171,162,395,295,284,193,177,-30,135,0,0,0,0,0,0,0,0,0,0,0,0,0,0,0,0,-270,0,-452,-447,-510,-516,-747,0,0,0,0,0,0,0,-1560,-1418,-1216,-1105]} 1. e4 e5 2. Nf3 Nc6 3. Bb5 Nf6 4. O-O Nxe4 5. d4 Nd6 6. Bxc6 dxc6 7. dxe5 Nf5 8. Qe2 Nd4 9. Nxd4 Qxd4 10. c3 {C67: Ruy Lopez: Berlin Defence: 4 0-0 Nxe4.} (10. h3 {seems wilder.} Bf5 11. Nc3 Qb6 12. Rd1 Be7 13. g4) 10... Qg4 11. Qxg4 Bxg4 12. Be3 {[#] Black is slightly better.} Be6 $146 ({Predecessor:} 12... O-O-O 13. Nd2 Rd5 14. h3 Bf5 15. Nb3 Be7 16. Rad1 Be4 17. Rxd5 Bxd5 18. Nd4 Re8 {½-½ (40) Tantsiura,M (2167)-Guimaraes,A (2028) Caldas Novas 2011}) 13. Nd2 O-O-O 14. Rfe1 Be7 15. b3 g5 (15... Rd3 $17) 16. Rad1 g4 17. Ne4 ({Don't blunder} 17. Bxa7 $2 b6 $19) 17... b6 18. Nf6 h5 19. Bg5 Kb7 20. Ne4 Bxg5 21. Nxg5 Bf5 $2 (21... Rhg8 $11 22. Rxd8 Rxd8) 22. Nxf7 $16 {[%mdl 64] [#] Double Attack} Rxd1 23. Rxd1 {[%mdl 4096] Endgame KRB-KRN} Re8 24. Re1 (24. Nd8+ $142 Ka6 25. Nxc6) 24... Be6 (24... c5 $16) 25. Ng5 $18 a5 $2 (25... Bf5 {was worth a try.} 26. f4 gxf3) 26. f4 gxf3 27. gxf3 Bf5 28. Nf7 $2 (28. f4 $18) 28... c5 $2 (28... Rg8+ $11 29. Kf2 Be6) 29. Nh6 (29. Ng5 $16) 29... Be6 $11 {[#] aiming for ...Rh8.} 30. f4 Rh8 31. f5 Rxh6 32. fxe6 Rxe6 {KR-KR} 33. Kf2 c4 34. Kf3 Kc6 35. Kf4 cxb3 36. Kf5 Re8 37. e6 $2 {[%mdl 8192]} (37. axb3 $11 Kd7 38. e6+ Ke7 39. Rg1) 37... b2 $2 (37... bxa2 $19 38. Ke5 Kc5) 38. Rb1 $2 {[%mdl 8192]} (38. Ke5 $1 $11 {and White has nothing to worry.} a4 39. a3) 38... Rf8+ $19 39. Ke5 {And now e7 would win.} Rf2 40. e7 Re2+ $2 ({Black should try} 40... Kd7 $19 41. h3 Kxe7) 41. Kf6 $1 $11 {Rxb2! is the strong threat.} Kd7 {White must now prevent ...Rf2+.} 42. Rd1+ Kc6 43. Kf7 a4 44. e8=Q+ $4 {[%mdl 8192]} (44. a3 $11 Rf2+ 45. Ke8) 44... Rxe8 $19 45. Kxe8 Kc5 {Black used his chance. Accuracy: White = 49%, Black = 54%.} 0-1

[Event "Stay Safe Play From Home 293"]
[Site "Emanuel Lasker Arena"]
[Date "2020.07.10"]
[Round "9"]
[White "Trotsky"]
[Black "Broken sword"]
[Result "0-1"]
[WhiteElo "1591"]
[BlackElo "2519"]
[Annotator "TA"]
[PlyCount "58"]
[EventDate "2020.07.10"]
[EventType "swiss (blitz)"]

{[%evp 9,58,0,9,-17,-18,-39,-37,-30,-32,-64,18,-150,24,-521,-514,-571,-548,-716,-708,-768,-739,-919,-854,-836,-818,-1514,-1507,-1787,-1077,-1853,-1829,-1935,-1813,-2016,-2021,-2372,-2295,-3688,-2133,-2124,-2066,-2029,-2027,-2480,-2429,-5547,-5547,-29990,-29991,-29991,-29992]} 1. d4 d5 2. e3 c5 3. c4 cxd4 4. exd4 Nc6 5. Be3 Nf6 6. a3 {[#] B13: Caro-Kann: Exchange Variation and Panov-Botvinnik Attack.} Bg4 $146 ({Predecessor:} 6... g6 7. Nc3 Bg7 8. h3 O-O 9. Nf3 Be6 10. c5 Ne4 11. Rc1 Nxc5 12. dxc5 d4 13. Nxd4 Nxd4 {0-1 (29) Salem,A (2531)-Mamedyarov,S (2753) Khanty-Mansiysk 2013}) 7. f3 Bf5 8. Nc3 {Black is slightly better.} e6 9. c5 {[#]} e5 (9... Bxc5 $1 $15 {[%mdl 512]} 10. g4 (10. dxc5 d4 $15 {[%mdl 64] Double Attack}) 10... Bg6) 10. Bd3 $2 (10. Nge2 $11) 10... Bg6 $2 ({Black should try} 10... exd4 $17 11. Bxd4 Nxd4 12. Qa4+ Nc6 13. Bxf5 Bxc5) 11. Qc2 $2 {[%mdl 8192] Loses the game.} (11. Nge2 $11 {and White has nothing to worry.}) 11... exd4 $19 12. O-O-O {If White can now play Bxg6 this consolidates a bit.} dxe3 13. h4 Bxc5 14. Nh3 O-O {Threatens to win with ...Nd4.} 15. h5 Bxd3 16. Qxd3 d4 17. Ng5 dxc3 18. Qc2 h6 19. bxc3 Qa5 20. Kb1 Qxa3 21. g4 Na5 22. f4 hxg5 23. fxg5 Nxg4 24. h6 Qb3+ 25. Qxb3 Nxb3 26. hxg7 Kxg7 27. Rh4 Nf2 28. Rf1 Nd2+ {[%mdl 64] [#] Double Attack} 29. Kc2 Nxf1 {Accuracy: White = 13%, Black = 47%.} 0-1